Guess the Hamilton Song #18 - Statistics

General Stats
  • This quiz has been taken 991 times
  • The average score is 178 of 446
Answer Stats
Lyric % Correct
a
97%
A
97%
I
95%
The
91%
the
91%
you
87%
you,
87%
You
87%
you.
87%
an
81%
Hamilton
81%
Hamilton,
81%
Hamilton.
81%
is
76%
he
74%
He
74%
we
74%
We
74%
and
72%
on
71%
do
68%
Who
68%
of
67%
it,
66%
it
66%
it?
66%
it.
66%
to
66%
In
64%
in
64%
me.
64%
Alexander
63%
your
63%
When
62%
when
62%
where
61%
be
58%
was
58%
My
56%
for
54%
have
52%
Have
52%
What?
52%
What.
52%
not
51%
war
48%
France
47%
France.
47%
they
46%
were
46%
We're
46%
are
44%
if
44%
If
44%
Jefferson,
44%
Jefferson.
44%
out
43%
I'm
42%
So
42%
that
41%
this
41%
You're
41%
as
40%
table,
40%
issue
39%
with
39%
know
37%
know,
37%
or
37%
Washington
36%
need,
35%
his
34%
our
33%
sir.
32%
sir,
32%
Sir.
32%
verge
30%
Did
29%
man,
28%
but
27%
But
27%
fight
27%
fight.
27%
now
27%
provide
27%
hand
26%
It's
26%
Secretary
26%
ask
25%
would
25%
Would
25%
does
24%
don't
24%
England
24%
floor,
24%
French
24%
guns
24%
Lafayette?
24%
only
24%
stay
24%
them
24%
treaty.
24%
treaty
24%
treaty,
24%
King
23%
king
23%
mine.
23%
signed
23%
like
22%
time
22%
head
21%
head."
21%
right.
21%
those
21%
funds?
20%
convince
19%
door,
19%
friend,
19%
here
19%
money
19%
money,
19%
needy.
19%
State.
19%
take
19%
want,
19%
aid
18%
allies
18%
death's
18%
must
18%
person
18%
provided
18%
dead."
17%
I'll
17%
land,
17%
made
17%
nothing
17%
promise,
17%
promise
17%
their
17%
approval.
16%
chance.
16%
didn't
16%
mind
16%
new
16%
President.
16%
President
16%
revolution
16%
stand
16%
stand.
16%
Stand
16%
congressional
15%
half
15%
remember.
15%
"Should
15%
think
15%
too
15%
troops
15%
basket.
14%
needed
14%
people
14%
subject
14%
super
14%
whatever
14%
before
13%
forget
13%
forget.
13%
lead
13%
lend
13%
let
13%
matter
13%
remind
13%
return,
13%
There's
13%
world,
13%
Daddy's
12%
decision
12%
goddamn
12%
gonna
12%
Louis'
12%
ounce
12%
"Uh
12%
who's
12%
calling.
11%
every
11%
rather
11%
regret?
11%
debate.
10%
got
10%
rioting.
10%
we'd
10%
against
9%
leading.
9%
mess.
9%
nation
9%
without
9%
behind
8%
brink
8%
debt,
8%
Enough,
8%
fought
8%
he'll
8%
knows
8%
loyalty,
8%
Mister
8%
draw
7%
fake
7%
fine
7%
honor
7%
line.
7%
never
7%
Queen
7%
smart
7%
start
7%
stop,
7%
bring
6%
brothers
6%
difference,
6%
dresses
6%
freedom.
6%
messy
6%
response.
6%
royalty.
6%
smells
6%
Sure,
6%
tyranny.
6%
well,
6%
bet
5%
figure
5%
Hey,
5%
hour
5%
Kingless.
5%
power.
5%
Thank
5%
Yet
5%
accumulate
4%
another
4%
chess,
4%
Draft
4%
'em.
4%
game
4%
Lafayette's
4%
little
4%
neutrality.
4%
oppressors
4%
statement
4%
try
4%
whose
4%
admit
3%
Alas,
3%
Everything
3%
fragile
3%
ideals
3%
lawyer.
3%
middle
3%
quick
3%
quite
3%
someone
3%
witted.
3%
ya
3%
above
2%
blind
2%
Desperate
2%
frankly.
2%
meddling
2%
military
2%
reality.
2%
station.
2%
Yeah,
2%
betrays
1%
defendants
1%
disquieting
1%
Ooh
1%
oughta
1%
acquited.
0%
nationn.
0%
to rise
0%
No matching quizzes found
Score Distribution
Percent of People with Each Score
Percentile by Number Answered
Your Score History
You have not taken this quiz